000
00323nam a2200133Ia 4500
100
_a
Gurewitch Ori etc
942
_c
BK
654
_a
Borland C++Multimedia programming
245
_a
Borland C++ Multimedia programming
260
_b
Technical Pub
_a
Singapore
_c
1995
300
_a
862
546
_a
ENGLISH
999
_c
30093
_d
30093